[Event "Madrid ch 2021-2022 Semifinal"]
[Site "Madrid ESP"]
[Date "2022.05.04"]
[Round "1.1"]
[White "Tenorio Garcia, Joel"]
[Black "Elissalt Cardenas, Hector"]
[Result "0-1"]
[WhiteElo "2027"]
[BlackElo "2285"]
[PlyCount "94"]
[EventDate "2022.05.04"]
[EventType "swiss"]
[EventRounds "9"]
[EventCountry "ESP"]
[SourceTitle "Ajedrez en Madrid"]
[Source "lmi"]
[SourceDate "2022.05.04"]
[SourceVersion "1"]
[SourceVersionDate "2022.05.15"]
[SourceQuality "1"]

1. e4 c6 2. d4 d5 3. exd5 cxd5 4. Bd3 Nc6 5. c3 Qc7 6. Na3 a6 7. Nc2 g6 8. Nf3
Bg7 9. O-O Bf5 10. Bxf5 gxf5 11. Qd3 e6 12. Re1 Nge7 13. g3 O-O 14. Bf4 Qd8 15.
Qd2 Ng6 16. Bg5 Qd6 17. h4 f6 18. Bh6 Rf7 19. h5 Nge7 20. Qe3 Bxh6 21. Qxh6
Raf8 22. Re2 Rg7 23. Rae1 Nd8 24. Kh1 Kf7 25. a3 f4 26. Qxf4 Qxf4 27. gxf4 Rg4
28. Ne3 Rxf4 29. Nh2 Rg8 30. Neg4 Rfxg4 31. Nxg4 Rxg4 32. f3 Rg5 33. f4 Rxh5+
34. Rh2 Rxh2+ 35. Kxh2 Nf5 36. Kg2 Nc6 37. b4 b6 38. Rh1 h6 39. Re1 Nce7 40.
Kf3 Nd6 41. a4 Nef5 42. Rc1 Nc4 43. a5 b5 44. Rc2 h5 45. Rh2 h4 46. Rh1 Nd2+
47. Ke2 Ng3+ 0-1

[Event "Madrid ch 2021-2022 Semifinal"]
[Site "Madrid ESP"]
[Date "2022.05.04"]
[Round "1.2"]
[White "Longa Yauca, Javier"]
[Black "Armenteros Peral, Javier"]
[Result "0-1"]
[WhiteElo "2259"]
[BlackElo "2000"]
[PlyCount "92"]
[EventDate "2022.05.04"]
[EventType "swiss"]
[EventRounds "9"]
[EventCountry "ESP"]
[SourceTitle "Ajedrez en Madrid"]
[Source "lmi"]
[SourceDate "2022.05.04"]
[SourceVersion "1"]
[SourceVersionDate "2022.05.15"]
[SourceQuality "1"]

1. d4 d5 2. c4 e6 3. Nc3 Nf6 4. Bg5 Be7 5. Nf3 O-O 6. Qc2 Nbd7 7. Rd1 Re8 8. e3
dxc4 9. Bxc4 Nb6 10. Bd3 h6 11. Bxf6 Bxf6 12. Ne4 Be7 13. h4 Nd5 14. a3 Bd7 15.
g4 Rc8 16. g5 h5 17. Ng3 c5 18. Ne5 Bb5 19. g6 f6 20. Qe2 Bxd3 21. Nxd3 Qa5+
22. b4 cxb4 23. Qxh5 bxa3+ 24. Rd2 Bb4 25. Qh7+ Kf8 26. Qh8+ Ke7 27. Qxg7+ Kd8
28. Nxb4 Qxb4 29. Ke2 f5 30. Qe5 Rc3 31. g7 f4 32. Qg5+ Kc7 33. g8=Q Rxg8 34.
Qxg8 fxe3 35. Qf7+ Kb8 36. Rdd1 Rc2+ 37. Kf1 Rxf2+ 38. Qxf2 exf2 39. Kxf2 Qf8+
40. Kg1 Qf3 41. Kh2 Nf4 42. Rd2 Qg4 43. Nf1 Qxh4+ 44. Kg1 Nh3+ 45. Kg2 Qg4+ 46.
Kh2 Ng5 0-1

[Event "Madrid ch 2021-2022 Semifinal"]
[Site "Madrid ESP"]
[Date "2022.05.04"]
[Round "1.3"]
[White "Bello Burguet, Glenier Lazaro"]
[Black "Rottenwohrer Suarez, Juan"]
[Result "0-1"]
[WhiteElo "1993"]
[BlackElo "2256"]
[PlyCount "74"]
[EventDate "2022.05.04"]
[EventType "swiss"]
[EventRounds "9"]
[EventCountry "ESP"]
[SourceTitle "Ajedrez en Madrid"]
[Source "lmi"]
[SourceDate "2022.05.04"]
[SourceVersion "1"]
[SourceVersionDate "2022.05.15"]
[SourceQuality "1"]

1. c4 Nf6 2. Nf3 g6 3. g3 Bg7 4. Bg2 O-O 5. O-O d6 6. Nc3 Nc6 7. d3 e5 8. Bd2
h6 9. Rb1 a5 10. a3 Be6 11. b4 axb4 12. axb4 Qd7 13. b5 Nd4 14. Nxd4 exd4 15.
Nd5 Nxd5 16. cxd5 Bh3 17. Qb3 Rfe8 18. Rfe1 Bxg2 19. Kxg2 Re5 20. h3 Rae8 21.
e4 dxe3 22. fxe3 f5 23. b6 cxb6 24. d4 Re4 25. Qxb6 R8e7 26. Qb5 Qd8 27. Qb6
Qd7 28. Qb5 Qc8 29. Rec1 Qf8 30. Rb4 g5 31. Rbc4 Qf7 32. Rc8+ Kh7 33. Rf1 Qg6
34. Rb8 f4 35. exf4 Re2+ 36. Rf2 Qe4+ 37. Kg1 Rxf2 0-1

[Event "Madrid ch 2021-2022 Semifinal"]
[Site "Madrid ESP"]
[Date "2022.05.04"]
[Round "1.4"]
[White "Garcia Dorado, Alberto"]
[Black "Sanchez Garcia, Aurelio"]
[Result "1-0"]
[WhiteElo "2220"]
[BlackElo "1988"]
[PlyCount "83"]
[EventDate "2022.05.04"]
[EventType "swiss"]
[EventRounds "9"]
[EventCountry "ESP"]
[SourceTitle "Ajedrez en Madrid"]
[Source "lmi"]
[SourceDate "2022.05.04"]
[SourceVersion "1"]
[SourceVersionDate "2022.05.15"]
[SourceQuality "1"]

1. d4 Nf6 2. c4 g6 3. Nc3 Bg7 4. e4 d6 5. h3 c5 6. d5 O-O 7. Bd3 e6 8. Nf3 Na6
9. O-O Nc7 10. Bg5 h6 11. Be3 exd5 12. exd5 b5 13. b3 b4 14. Ne2 a5 15. Qd2 Kh7
16. a4 Nh5 17. g4 Bxa1 18. gxh5 Bg7 19. Nf4 Bf5 20. Bxf5 gxf5 21. Qd3 Qf6 22.
Ne2 Kh8 23. Bf4 Rg8 24. Kh2 Rae8 25. Ng3 Qc3 26. Qd1 Be5 27. Bxe5+ Rxe5 28.
Nxe5 Qxe5 29. Re1 Qf6 30. Qa1 Qxa1 31. Rxa1 f4 32. Ne4 f3 33. Rg1 Rxg1 34. Kxg1
Ne8 35. Kh2 f5 36. Nd2 Nf6 37. Nxf3 Nxh5 38. Nh4 Ng7 39. Kg3 Kg8 40. Kf4 Kf7
41. Nxf5 Nh5+ 42. Ke3 1-0

[Event "Madrid ch 2021-2022 Semifinal"]
[Site "Madrid ESP"]
[Date "2022.05.04"]
[Round "1.5"]
[White "Alvarez Abejon, Amilcar"]
[Black "Martinez Fernandez, Raul"]
[Result "0-1"]
[WhiteElo "1982"]
[BlackElo "2204"]
[PlyCount "110"]
[EventDate "2022.05.04"]
[EventType "swiss"]
[EventRounds "9"]
[EventCountry "ESP"]
[SourceTitle "Ajedrez en Madrid"]
[Source "lmi"]
[SourceDate "2022.05.04"]
[SourceVersion "1"]
[SourceVersionDate "2022.05.15"]
[SourceQuality "1"]

1. d4 Nf6 2. Nf3 c5 3. d5 b5 4. a4 Bb7 5. axb5 Nxd5 6. e4 Nb6 7. Nc3 g6 8. Bf4
Bg7 9. Qd2 d6 10. Bh6 Bf6 11. Be2 N8d7 12. h4 Ne5 13. Nxe5 Bxe5 14. h5 Qc7 15.
Bf4 Bd4 16. Be3 Bxe3 17. Qxe3 O-O-O 18. Rxa7 Kb8 19. Ra1 d5 20. exd5 Nxd5 21.
Nxd5 Rxd5 22. Qa3 Qe5 23. Rh3 Rhd8 24. Qg3 g5 25. Qxe5+ Rxe5 26. Rg3 Rd4 27.
Re3 Rxe3 28. fxe3 Rh4 29. Kf2 Kc7 30. Rd1 Ra4 31. Rd2 Ra1 32. Bf3 Bc8 33. Rd5
Kb6 34. Rxg5 Ra2 35. Rg7 Rxb2 36. Rxf7 Rxc2+ 37. Kg3 c4 38. Rxh7 c3 39. Rxe7
Rxg2+ 40. Kxg2 c2 41. h6 c1=Q 42. h7 Qb2+ 43. Kg3 Bf5 44. Be4 Bxe4 45. Rxe4
Qg7+ 46. Kf3 Qxh7 47. Rd4 Kxb5 48. Kf4 Kc5 49. Kf3 Qh3+ 50. Kf2 Qh2+ 51. Kf3
Qg1 52. Kf4 Qg2 53. Rd1 Qh2+ 54. Kg5 Qg3+ 55. Kh6 Qh4+ 0-1

[Event "Madrid ch 2021-2022 Semifinal"]
[Site "Madrid ESP"]
[Date "2022.05.04"]
[Round "1.6"]
[White "Ruiz Buendia, Miguel"]
[Black "Lorenzo Bailador, Alfredo"]
[Result "1-0"]
[WhiteElo "2162"]
[BlackElo "1962"]
[PlyCount "111"]
[EventDate "2022.05.04"]
[EventType "swiss"]
[EventRounds "9"]
[EventCountry "ESP"]
[SourceTitle "Ajedrez en Madrid"]
[Source "lmi"]
[SourceDate "2022.05.04"]
[SourceVersion "1"]
[SourceVersionDate "2022.05.15"]
[SourceQuality "1"]

1. e4 e5 2. Nf3 d6 3. d4 Nd7 4. Bc4 Be7 5. Nc3 Ngf6 6. h3 c6 7. a4 Qc7 8. Qe2
a5 9. Be3 O-O 10. O-O h6 11. Rad1 Re8 12. Rfe1 Bf8 13. d5 Nb6 14. Bb3 Bd7 15.
Nd2 Rac8 16. dxc6 bxc6 17. Qa6 c5 18. Nb5 Qc6 19. Nc4 Nxc4 20. Qxc6 Rxc6 21.
Bxc4 Be6 22. Bxe6 fxe6 23. Bd2 Ra8 24. c4 Nd7 25. Bc3 Nb6 26. b3 Nc8 27. g3 g5
28. Kg2 Kf7 29. Rd3 Bg7 30. Red1 Raa6 31. Rf1 Kg6 32. f4 exf4 33. Bxg7 Kxg7 34.
gxf4 Rab6 35. fxg5 hxg5 36. Rg3 d5 37. Rxg5+ Kh6 38. h4 d4 39. Rf8 Rb7 40. Rf6+
Kh7 41. Kf3 Re7 42. e5 Nb6 43. Nd6 Nd7 44. Ne4 Rb6 45. Rh5+ Kg8 46. Rfh6 Rxb3+
47. Kf4 Rf7+ 48. Nf6+ Nxf6 49. exf6 e5+ 50. Kf5 Rf3+ 51. Ke6 R3xf6+ 52. Rxf6
Rxf6+ 53. Kxf6 e4 54. Ke5 e3 55. Ke4 e2 56. Rg5+ 1-0

[Event "Madrid ch 2021-2022 Semifinal"]
[Site "Madrid ESP"]
[Date "2022.05.04"]
[Round "1.7"]
[White "Ruiz Vazquez, Javier"]
[Black "Torres Boch, Jose F."]
[Result "1-0"]
[WhiteElo "1960"]
[BlackElo "2134"]
[PlyCount "67"]
[EventDate "2022.05.04"]
[EventType "swiss"]
[EventRounds "9"]
[EventCountry "ESP"]
[SourceTitle "Ajedrez en Madrid"]
[Source "lmi"]
[SourceDate "2022.05.04"]
[SourceVersion "1"]
[SourceVersionDate "2022.05.15"]
[SourceQuality "1"]

1. e4 c5 2. Nf3 d6 3. d4 cxd4 4. Nxd4 Nf6 5. Nc3 a6 6. Bc4 e6 7. Bb3 Nbd7 8.
O-O Nc5 9. Qe2 Be7 10. f4 O-O 11. Kh1 Qc7 12. e5 Nxb3 13. axb3 Nd7 14. Ndb5 Qb8
15. exd6 Bd8 16. f5 exf5 17. Nc7 Bxc7 18. dxc7 Qxc7 19. Nd5 Qe5 20. Qf3 Nf6 21.
Nb6 Be6 22. Bf4 Qxb2 23. Nxa8 Bd5 24. Qe2 Re8 25. Qd2 Be4 26. Nc7 Rc8 27. Rfc1
h6 28. Rab1 Qa2 29. Be5 Qa3 30. Bxf6 gxf6 31. Qd7 Qf8 32. Nd5 Kg7 33. Nf4 Rd8
34. Ne6+ 1-0

[Event "Madrid ch 2021-2022 Semifinal"]
[Site "Madrid ESP"]
[Date "2022.05.04"]
[Round "1.8"]
[White "Horcajuelo Rocamora, Martin"]
[Black "Moreno Torrero, Javier"]
[Result "1-0"]
[WhiteElo "2126"]
[BlackElo "1948"]
[PlyCount "93"]
[EventDate "2022.05.04"]
[EventType "swiss"]
[EventRounds "9"]
[EventCountry "ESP"]
[SourceTitle "Ajedrez en Madrid"]
[Source "lmi"]
[SourceDate "2022.05.04"]
[SourceVersion "1"]
[SourceVersionDate "2022.05.15"]
[SourceQuality "1"]

1. d4 Nf6 2. c4 e6 3. Nf3 c5 4. d5 exd5 5. cxd5 d6 6. Nc3 g6 7. e4 a6 8. a4 Bg7
9. Be2 O-O 10. Be3 Re8 11. Nd2 Nbd7 12. h3 Rb8 13. O-O Qc7 14. Re1 Re7 15. f4
c4 16. e5 dxe5 17. Nxc4 Re8 18. d6 Qd8 19. fxe5 Nxe5 20. Bb6 Qd7 21. Bc7 Nxc4
22. Bxc4 Ra8 23. Qb3 Rf8 24. Re7 Qc6 25. Bxf7+ Kh8 26. Qc4 Bd7 27. Qxc6 Bxc6
28. Rd1 Nd7 29. Be6 Nc5 30. d7 Bf6 31. d8=Q Raxd8 32. Bxd8 Nxe6 33. Rxe6 Bxd8
34. Re2 Bb6+ 35. Kh1 Rf7 36. b4 Kg7 37. a5 Bc7 38. Ne4 Be5 39. Nc5 Bc3 40. Ne6+
Kh6 41. Nd8 Rd7 42. Rxd7 Bxd7 43. Re4 Bc6 44. Nxc6 bxc6 45. Rc4 Bd2 46. Rxc6
Bxb4 47. Rxa6 1-0

[Event "Madrid ch 2021-2022 Semifinal"]
[Site "Madrid ESP"]
[Date "2022.05.04"]
[Round "1.9"]
[White "Gueler Berdasco, Martin"]
[Black "Barraza Caracuel, Ignacio"]
[Result "1-0"]
[WhiteElo "1946"]
[BlackElo "2100"]
[PlyCount "43"]
[EventDate "2022.05.04"]
[EventType "swiss"]
[EventRounds "9"]
[EventCountry "ESP"]
[SourceTitle "Ajedrez en Madrid"]
[Source "lmi"]
[SourceDate "2022.05.04"]
[SourceVersion "1"]
[SourceVersionDate "2022.05.15"]
[SourceQuality "1"]

1. c4 c5 2. Nf3 Nc6 3. d4 cxd4 4. Nxd4 e5 5. Nc2 Nf6 6. Nc3 h6 7. g3 Be7 8. Bg2
O-O 9. O-O d6 10. Ne3 Re8 11. Ned5 Bf8 12. Nxf6+ gxf6 13. e4 f5 14. Qh5 f4 15.
gxf4 Be6 16. f5 Bxc4 17. Bxh6 Qf6 18. Qg4+ Kh7 19. Bg5 Qg7 20. Nd5 Bxd5 21.
exd5 Nd4 22. f6 1-0

[Event "Madrid ch 2021-2022 Semifinal"]
[Site "Madrid ESP"]
[Date "2022.05.04"]
[Round "1.11"]
[White "Simonyan, Arturo"]
[Black "Neagu, Roberto Florin"]
[Result "1-0"]
[WhiteElo "1895"]
[BlackElo "2076"]
[PlyCount "132"]
[EventDate "2022.05.04"]
[EventType "swiss"]
[EventRounds "9"]
[EventCountry "ESP"]
[SourceTitle "Ajedrez en Madrid"]
[Source "lmi"]
[SourceDate "2022.05.04"]
[SourceVersion "1"]
[SourceVersionDate "2022.05.15"]
[SourceQuality "1"]

1. e4 c5 2. Nf3 Nc6 3. d4 cxd4 4. Nxd4 Nf6 5. Nc3 e5 6. Ndb5 d6 7. Bg5 a6 8.
Na3 b5 9. Nd5 Be7 10. Bxf6 Bxf6 11. c3 Bg5 12. Nc2 Rb8 13. a4 bxa4 14. Ncb4 Bd7
15. Bxa6 Nxb4 16. Nxb4 O-O 17. O-O Qc7 18. Qd3 Rfd8 19. Bc4 Rbc8 20. Bb5 Qa5
21. Bxd7 Rxd7 22. Ra2 Qa8 23. Rfa1 Ra7 24. Qc2 g6 25. Rxa4 Rxa4 26. Rxa4 Qb7
27. Qd3 Bc1 28. Nd5 Kg7 29. b4 Bg5 30. g3 h5 31. h4 Bd8 32. Qa6 Qd7 33. Kg2 Rb8
34. Qa7 Rb7 35. Qa8 Bxh4 36. Ra6 Be7 37. Nxe7 Qxe7 38. Rxd6 Rxb4 39. cxb4 Qxd6
40. b5 h4 41. gxh4 Qd7 42. Qd5 Qg4+ 43. Kf1 Qh3+ 44. Ke1 Qc3+ 45. Ke2 f5 46.
exf5 Qc2+ 47. Ke3 Qc3+ 48. Qd3 Qe1+ 49. Kf3 Qh1+ 50. Ke2 Qxh4 51. fxg6 Qg4+ 52.
Kf1 Qe6 53. Qf3 Qc4+ 54. Kg2 Kh6 55. Qf6 Qg4+ 56. Kh2 Qh5+ 57. Kg3 Qd1 58. Qh4+
Kg7 59. Qh7+ Kf6 60. Qf7+ Kg5 61. Qf3 Qg1+ 62. Kh3 Qb1 63. g7 Qh7+ 64. Kg2 Qg8
65. Qf8 Qd5+ 66. Kh2 Qg2+ 1-0

[Event "Madrid ch 2021-2022 Semifinal"]
[Site "Madrid ESP"]
[Date "2022.05.04"]
[Round "1.12"]
[White "Pindado Campos, Raul"]
[Black "Feal Albala, Alonso"]
[Result "1/2-1/2"]
[WhiteElo "2073"]
[BlackElo "1892"]
[PlyCount "84"]
[EventDate "2022.05.04"]
[EventType "swiss"]
[EventRounds "9"]
[EventCountry "ESP"]
[SourceTitle "Ajedrez en Madrid"]
[Source "lmi"]
[SourceDate "2022.05.04"]
[SourceVersion "1"]
[SourceVersionDate "2022.05.15"]
[SourceQuality "1"]

1. d4 Nf6 2. c4 c5 3. d5 e6 4. Nc3 exd5 5. cxd5 d6 6. e4 g6 7. f4 Bg7 8. Bb5+
Bd7 9. e5 Nh5 10. Nf3 O-O 11. O-O Re8 12. e6 fxe6 13. dxe6 Bxb5 14. Nxb5 d5 15.
f5 a6 16. fxg6 hxg6 17. Nc3 Rxe6 18. Bg5 Qd7 19. Qxd5 Bxc3 20. Qxd7 Nxd7 21.
bxc3 Ndf6 22. a4 Ne4 23. Be3 Rae8 24. Ng5 Nxg5 25. Bxg5 Re5 26. Bh4 g5 27. Bf2
Nf4 28. Kh1 Ne2 29. c4 g4 30. a5 Rh5 31. g3 Re7 32. Kg2 Reh7 33. Rh1 Nd4 34.
Rad1 Nc6 35. Rd5 Rxd5 36. cxd5 Nxa5 37. Bxc5 Rc7 38. Bf2 Rd7 39. Rd1 Nc6 40.
Rb1 Ne5 41. h3 gxh3+ 42. Kxh3 b5 1/2-1/2

[Event "Madrid ch 2021-2022 Semifinal"]
[Site "Madrid ESP"]
[Date "2022.05.04"]
[Round "1.13"]
[White "Santamaria Baeza, Adolfo"]
[Black "Barez Menendez, Hector"]
[Result "0-1"]
[WhiteElo "1870"]
[BlackElo "2066"]
[PlyCount "124"]
[EventDate "2022.05.04"]
[EventType "swiss"]
[EventRounds "9"]
[EventCountry "ESP"]
[SourceTitle "Ajedrez en Madrid"]
[Source "lmi"]
[SourceDate "2022.05.04"]
[SourceVersion "1"]
[SourceVersionDate "2022.05.15"]
[SourceQuality "1"]

1. e4 e5 2. Nf3 Nf6 3. Nxe5 d6 4. Nf3 Nxe4 5. Nc3 Nxc3 6. dxc3 Be7 7. Be3 O-O
8. Qd2 Nd7 9. O-O-O Nf6 10. Bd3 c5 11. h3 Be6 12. g4 Qa5 13. a3 c4 14. Bf5 Bxf5
15. gxf5 d5 16. Rdg1 Ne4 17. Qd4 Bf6 18. Ne5 Rfe8 19. f4 Nd6 20. Qd1 Nxf5 21.
Bd4 Nxd4 22. Qxd4 Rad8 23. Rg2 Qb6 24. Rhg1 Qxd4 25. cxd4 Kf8 26. c3 g6 27. h4
Bxe5 28. fxe5 h5 29. Rf1 Re6 30. Kd2 Kg7 31. Rg5 Rd7 32. Rfg1 Kh6 33. R1g2 Rde7
34. Kc1 b5 35. b3 cxb3 36. Kb2 Rc7 37. Kxb3 a5 38. Rf2 Kg7 39. Rfg2 Kf8 40. Rf2
Rc4 41. Rf6 Ke7 42. Rf3 b4 43. Rgg3 bxc3 44. Rxc3 Rb6+ 45. Kc2 Rbc6 46. Rxc4
Rxc4+ 47. Kd3 Ra4 48. Rg1 Rxa3+ 49. Ke2 Rh3 50. Ra1 Rxh4 51. Ke3 f6 52. exf6+
Kxf6 53. Rxa5 Re4+ 54. Kd3 h4 55. Rxd5 Re8 56. Rd6+ Kf5 57. Rd7 g5 58. Rf7+ Kg4
59. d5 h3 60. d6 Rd8 61. d7 h2 62. Rh7 Rxd7+ 0-1

[Event "Madrid ch 2021-2022 Semifinal"]
[Site "Madrid ESP"]
[Date "2022.05.04"]
[Round "1.14"]
[White "Perdomo Araujo, Angel Eduardo"]
[Black "Portero Rubio, Martin"]
[Result "1-0"]
[WhiteElo "2065"]
[BlackElo "1868"]
[PlyCount "157"]
[EventDate "2022.05.04"]
[EventType "swiss"]
[EventRounds "9"]
[EventCountry "ESP"]
[SourceTitle "Ajedrez en Madrid"]
[Source "lmi"]
[SourceDate "2022.05.04"]
[SourceVersion "1"]
[SourceVersionDate "2022.05.15"]
[SourceQuality "1"]

1. e4 Nf6 2. Nc3 d5 3. e5 d4 4. exf6 dxc3 5. fxg7 cxd2+ 6. Bxd2 Bxg7 7. Qh5 Qd4
8. c3 Qe4+ 9. Qe2 Bf5 10. Nf3 Nc6 11. Qxe4 Bxe4 12. Be2 O-O-O 13. O-O-O Rhg8
14. Be3 Ne5 15. Rxd8+ Rxd8 16. Nxe5 Bxe5 17. f4 Bf6 18. Rg1 e6 19. g3 Bd5 20.
a3 b6 21. Rf1 Be4 22. Ba6+ Kd7 23. Re1 Bf5 24. Be2 Rg8 25. g4 Be4 26. g5 Be7
27. Bb5+ c6 28. Ba4 Bf5 29. h4 h6 30. Bc2 Bxc2 31. Kxc2 hxg5 32. fxg5 f6 33.
Rd1+ Kc8 34. Rg1 fxg5 35. hxg5 Rg6 36. Kd3 Kd7 37. Ke4 Ke8 38. Rd1 c5 39. Rg1
Bd6 40. Rh1 Kf7 41. Rh8 a5 42. Rh7+ Ke8 43. Rb7 Be7 44. Rxb6 Bxg5 45. Bxg5 Rxg5
46. Rxe6+ Kd7 47. Re5 Rg4+ 48. Kf3 Kd6 49. Kxg4 Kxe5 50. Kf3 c4 51. a4 Kf5 52.
Ke3 Ke5 53. Kf2 Kf4 54. Ke2 Ke4 55. Kd2 Kf4 56. Ke2 Ke4 57. Kd2 Kf4 58. Kc2 Ke4
59. b4 cxb3+ 60. Kxb3 Kd5 61. Kb2 Kc4 62. Kc2 Kd5 63. Kd3 Kc5 64. Kd2 Kc4 65.
Kc2 Kd5 66. Kd3 Kc5 67. c4 Kb4 68. Kd4 Kxa4 69. c5 Kb3 70. Kd3 a4 71. c6 a3 72.
c7 a2 73. c8=Q a1=Q 74. Qb8+ Ka3 75. Qa7+ Kb2 76. Qb6+ Kc1 77. Qc5+ Kb2 78.
Qb4+ Kc1 79. Qd2+ 1-0

[Event "Madrid ch 2021-2022 Semifinal"]
[Site "Madrid ESP"]
[Date "2022.05.04"]
[Round "1.15"]
[White "Palomo Monserrat, Lorenzo"]
[Black "Vaquerizo Calvo, Miguel Arturo"]
[Result "1/2-1/2"]
[WhiteElo "1862"]
[BlackElo "2057"]
[PlyCount "93"]
[EventDate "2022.05.04"]
[EventType "swiss"]
[EventRounds "9"]
[EventCountry "ESP"]
[SourceTitle "Ajedrez en Madrid"]
[Source "lmi"]
[SourceDate "2022.05.04"]
[SourceVersion "1"]
[SourceVersionDate "2022.05.15"]
[SourceQuality "1"]

1. d4 Nf6 2. c4 g6 3. Nc3 d5 4. cxd5 Nxd5 5. e4 Nxc3 6. bxc3 Bg7 7. Nf3 c5 8.
Be2 O-O 9. O-O cxd4 10. cxd4 Nc6 11. Be3 Bg4 12. d5 Bxf3 13. Bxf3 Nb4 14. Qb3
Bxa1 15. Rxa1 Qd6 16. Rd1 a5 17. a3 Na6 18. Qb2 e5 19. dxe6 Qxe6 20. Bh6 f6 21.
Qxb7 Qf7 22. Rd7 Nc5 23. Rxf7 Nxb7 24. Rxf8+ Rxf8 25. Bxf8 Kxf8 26. e5 Nc5 27.
exf6 Kf7 28. Kf1 Kxf6 29. Ke2 Ke5 30. Ke3 g5 31. Ba8 h5 32. g3 Nd7 33. f4+
gxf4+ 34. gxf4+ Kf5 35. h3 Nc5 36. Bf3 Ne6 37. Be4+ Kf6 38. f5 Nc7 39. Bd3 Ke5
40. a4 Nd5+ 41. Kf3 Nc3 42. Bc2 Nxa4 43. Kg3 Nc3 44. Kh4 Kf6 45. Kxh5 Nd5 46.
h4 Ne3 47. Ba4 1/2-1/2

[Event "Madrid ch 2021-2022 Semifinal"]
[Site "Madrid ESP"]
[Date "2022.05.04"]
[Round "1.16"]
[White "Rey Martinez, Jaime"]
[Black "Esteban Amo, Jose M."]
[Result "1-0"]
[WhiteElo "2055"]
[BlackElo "1856"]
[PlyCount "109"]
[EventDate "2022.05.04"]
[EventType "swiss"]
[EventRounds "9"]
[EventCountry "ESP"]
[SourceTitle "Ajedrez en Madrid"]
[Source "lmi"]
[SourceDate "2022.05.04"]
[SourceVersion "1"]
[SourceVersionDate "2022.05.15"]
[SourceQuality "1"]

1. e4 c5 2. Nf3 g6 3. c3 d5 4. e5 Bg7 5. d4 Nc6 6. h3 e6 7. Bb5 Qb6 8. Bxc6+
bxc6 9. O-O cxd4 10. cxd4 Ba6 11. Re1 Ne7 12. Nc3 O-O 13. Bg5 Rfe8 14. Na4 Qa5
15. Nc5 Bc8 16. Qc1 Rb8 17. Bf6 Qb6 18. Qf4 Qc7 19. b3 h6 20. Bxg7 Kxg7 21.
Qf6+ Kf8 22. Nh4 Kg8 23. g4 Rf8 24. Ng2 Kh7 25. Rac1 Ng8 26. Qf4 Qe7 27. Re3
Qg5 28. Qg3 Rb4 29. f4 Qd8 30. Rd3 Ne7 31. Qf2 Rb6 32. Ne3 Ba6 33. Rdc3 Bc8 34.
Qc2 Kg7 35. Qd2 Bd7 36. a3 Kh7 37. b4 Kg7 38. Kh2 Qc7 39. Ng2 Qd8 40. Qf2 Ng8
41. f5 exf5 42. Nxd7 Qxd7 43. gxf5 Qxf5 44. Qxf5 gxf5 45. Rxc6 Rfb8 46. Rc7 Ra6
47. R1c3 Kf8 48. Ne3 Ne7 49. Rd7 Rb5 50. Rcc7 Re6 51. Ng2 Rbb6 52. Nf4 a5 53.
Nxe6+ Rxe6 54. bxa5 Ke8 55. Rxe7+ 1-0

[Event "Madrid ch 2021-2022 Semifinal"]
[Site "Madrid ESP"]
[Date "2022.05.04"]
[Round "1.17"]
[White "Torres Rebolledo, Alvaro"]
[Black "Centeno Mendoza, Julio Stefano"]
[Result "0-1"]
[WhiteElo "1839"]
[BlackElo "2050"]
[PlyCount "120"]
[EventDate "2022.05.04"]
[EventType "swiss"]
[EventRounds "9"]
[EventCountry "ESP"]
[SourceTitle "Ajedrez en Madrid"]
[Source "lmi"]
[SourceDate "2022.05.04"]
[SourceVersion "1"]
[SourceVersionDate "2022.05.15"]
[SourceQuality "1"]

1. e4 e5 2. Nf3 Nc6 3. Bc4 Bc5 4. c3 Nf6 5. b4 Bb6 6. d3 O-O 7. O-O d6 8. h3 h6
9. Nbd2 Re8 10. Bb3 Be6 11. a4 a6 12. Bxe6 Rxe6 13. Nc4 d5 14. Nxb6 cxb6 15.
Qc2 Rc8 16. Qe2 Ne7 17. Bd2 Ng6 18. Rfd1 Qe7 19. Re1 Qd7 20. Red1 Qc6 21. exd5
Nxd5 22. Rac1 Ndf4 23. Bxf4 Nxf4 24. Qe3 Nd5 25. Qe1 Rce8 26. Kh2 f5 27. Qd2
Nf4 28. Qe3 Rg6 29. Rg1 Qd6 30. d4 Nd5 31. dxe5 Nxe3 32. exd6 Nc4 33. d7 Rd8
34. Rcd1 Rd6 35. Rxd6 Nxd6 36. Rd1 Ne4 37. Ne5 Kf8 38. Rd3 Ke7 39. f4 Nf6 40.
Re3 Nd5 41. Rf3 Kf6 42. g3 g5 43. Rd3 Ke6 44. Ng6 gxf4 45. gxf4 Nf6 46. Ne5
Nxd7 47. Nxd7 Rxd7 48. Rxd7 Kxd7 49. Kg3 Ke6 50. c4 b5 51. axb5 axb5 52. cxb5
Kd5 53. Kf3 Kd4 54. b6 Kd3 55. b5 Kd4 56. Ke2 Ke4 57. Kd2 Kxf4 58. Kd3 Kg3 59.
Kd4 f4 60. Kd5 f3 0-1

[Event "Madrid ch 2021-2022 Semifinal"]
[Site "Madrid ESP"]
[Date "2022.05.05"]
[Round "2.2"]
[White "Rottenwohrer Suarez, Juan"]
[Black "Ruiz Vazquez, Javier"]
[Result "1/2-1/2"]
[WhiteElo "2256"]
[BlackElo "1960"]
[PlyCount "74"]
[EventDate "2022.05.04"]
[EventType "swiss"]
[EventRounds "9"]
[EventCountry "ESP"]
[SourceTitle "Ajedrez en Madrid"]
[Source "lmi"]
[SourceDate "2022.05.04"]
[SourceVersion "1"]
[SourceVersionDate "2022.05.15"]
[SourceQuality "1"]

1. Nf3 Nf6 2. g3 c5 3. Bg2 Nc6 4. O-O e5 5. c4 Be7 6. Nc3 d6 7. a3 O-O 8. Rb1
Rb8 9. b4 b6 10. Ne1 Nd4 11. e3 Ne6 12. Nc2 Ba6 13. b5 Bb7 14. Nd5 e4 15. Nxf6+
Bxf6 16. Ne1 Re8 17. Qc2 d5 18. d3 exd3 19. Nxd3 dxc4 20. Qxc4 Qc7 21. e4 Rbd8
22. Be3 Bd4 23. Bd2 Qd7 24. Rbd1 Nc7 25. Bg5 Ra8 26. Nf4 Qxb5 27. Rxd4 cxd4 28.
Qxc7 Bxe4 29. Be7 Bxg2 30. Kxg2 Rac8 31. Qb7 Rb8 32. Qc7 Rbc8 33. Qb7 Qc6+ 34.
Qxc6 Rxc6 35. Nd5 f6 36. Rd1 Re6 37. Bb4 a5 1/2-1/2

[Event "Madrid ch 2021-2022 Semifinal"]
[Site "Madrid ESP"]
[Date "2022.05.05"]
[Round "2.3"]
[White "Centeno Mendoza, Julio Stefano"]
[Black "Garcia Dorado, Alberto"]
[Result "1-0"]
[WhiteElo "2050"]
[BlackElo "2220"]
[PlyCount "95"]
[EventDate "2022.05.04"]
[EventType "swiss"]
[EventRounds "9"]
[EventCountry "ESP"]
[SourceTitle "Ajedrez en Madrid"]
[Source "lmi"]
[SourceDate "2022.05.04"]
[SourceVersion "1"]
[SourceVersionDate "2022.05.15"]
[SourceQuality "1"]

1. e4 e6 2. d4 d5 3. e5 c5 4. c3 Qb6 5. Nf3 Nc6 6. a3 Nh6 7. b4 cxd4 8. cxd4
Nf5 9. Bb2 Bd7 10. g4 Nh6 11. h3 f6 12. Bd3 Nf7 13. Qe2 Be7 14. Nbd2 O-O-O 15.
Nb3 Kb8 16. exf6 gxf6 17. Nc5 Qc7 18. Nxd7+ Qxd7 19. O-O-O Bd6 20. Kb1 Rde8 21.
Rhe1 Bf4 22. Nd2 Qd6 23. Nb3 b6 24. Bb5 Re7 25. Qd3 Nfd8 26. Nc1 Bg5 27. Ne2 h5
28. f4 Bxf4 29. Nxf4 Qxf4 30. Rf1 Qh6 31. Bc1 Qg7 32. Qf3 hxg4 33. hxg4 Rf7 34.
Bf4+ Kb7 35. Qe2 Nb8 36. Rc1 Qg6+ 37. Bd3 Qg7 38. b5 Rd7 39. Rc2 Re8 40. Rfc1
e5 41. dxe5 fxe5 42. Bf5 Rde7 43. Qd3 Qg8 44. Bg5 e4 45. Qb3 Rg7 46. Bf4 d4 47.
Qa4 Ree7 48. Bxb8 1-0